Modern concepts on water resources (Record no. 1335)

000 -LEADER
fixed length control field 00600nam a22002177a 4500
001 - CONTROL NUMBER
control field 1335
003 - CONTROL NUMBER IDENTIFIER
control field BD-DhUET
008 - FIXED-LENGTH DATA ELEMENTS--GENERAL INFORMATION
fixed length control field 140903b xxu||||| |||| 00| 0 eng d
020 ## - INTERNATIONAL STANDARD BOOK NUMBER
International Standard Book Number 9848090309
040 ## - CATALOGING SOURCE
Original cataloging agency 0
Transcribing agency 0
Modifying agency BD-DhUET
082 ## - DEWEY DECIMAL CLASSIFICATION NUMBER
Classification number 628.16068095492
Item number FAI/2007
100 ## - MAIN ENTRY--PERSONAL NAME
Personal name Faisal Hossain
245 ## - TITLE STATEMENT
Title Modern concepts on water resources
Statement of responsibility, etc. by Faisal Hossain,Md. Delawer Hossain
250 ## - EDITION STATEMENT
Edition statement Ist ed.
260 ## - PUBLICATION, DISTRIBUTION, ETC. (IMPRINT)
Place of publication, distribution, etc. Dhaka
Name of publisher, distributor, etc. UGC,
Date of publication, distribution, etc. 2007
300 ## - PHYSICAL DESCRIPTION
Extent xv,222p.
504 ## - BIBLIOGRAPHY, ETC. NOTE
Bibliography, etc Includes bibliographies
650 #0 - SUBJECT ADDED ENTRY--TOPICAL TERM
Topical term or geographic name as entry element Water resources management
Geographic subdivision Bangladesh
700 ## - ADDED ENTRY--PERSONAL NAME
Personal name Delawer Hossain, Md.
942 ## - ADDED ENTRY ELEMENTS (KOHA)
Koha item type General Book
Holdings
Date acquired Koha normalized classification for sorting Shelving location Sublocation or collection (holding branch) Damaged status Koha full call number Piece designation (barcode) Copy number Koha item type Location (home branch) Withdrawn status Lost status Not for loan Source of classification or shelving scheme Price effective from Koha date last seen
2014-09-03628_160680954920000_FAI_2007Circulation sectionCentral Library, BUET 628.16068095492/FAI/20071035001General BookCentral Library, BUET    2014-09-032014-09-03
2014-09-03628_160680954920000_FAI_2007Circulation sectionCentral Library, BUET 628.16068095492/FAI/20071035012General BookCentral Library, BUET    2014-09-032014-09-03
2014-09-03628_160680954920000_FAI_2007Circulation sectionCentral Library, BUET 628.16068095492/FAI/20071035023General BookCentral Library, BUET    2014-09-032014-09-03
2014-09-03628_160680954920000_FAI_2007Circulation sectionCentral Library, BUET 628.16068095492/FAI/20071035034General BookCentral Library, BUET    2014-09-032014-09-03
2014-09-03628_160680954920000_FAI_2007Circulation sectionCentral Library, BUET 628.16068095492/FAI/20071035045General BookCentral Library, BUET    2014-09-032014-09-03
2014-09-03628_160680954920000_FAI_2007Circulation sectionCentral Library, BUET 628.16068095492/FAI/20071035056General BookCentral Library, BUET    2014-09-032014-09-03
2014-09-03628_000000000000000_1606809549Circulation sectionCentral Library, BUET 628.16068095492/FAI/20071035067General BookCentral Library, BUET    2014-09-032014-09-03
2014-09-03628_000000000000000_1606809549Circulation sectionCentral Library, BUET 628.16068095492/FAI/20071035078General BookCentral Library, BUET    2014-09-032014-09-03
2014-09-03628_160680954920000_FAI_2007Circulation sectionCentral Library, BUET 628.16068095492/FAI/20071035089General BookCentral Library, BUET    2014-09-032014-09-03
2014-09-03628_000000000000000_1606809549Circulation sectionCentral Library, BUET 628.16068095492/FAI/200710350910General BookCentral Library, BUET    2014-09-032014-09-03
2016-07-26628_160680954920000_FAI_2007Circulation sectionCentral Library, BUET 628.16068095492/FAI/200711424211General BookCentral Library, BUET    2016-07-262016-07-26
2016-07-26628_160680954920000_FAI_2007Circulation sectionCentral Library, BUET 628.16068095492/FAI/200711424312General BookCentral Library, BUET    2016-07-262016-07-26